000
00283nam a22001337a 4500
008
170130b xxu||||| |||| 00| 0 eng d
020
_a
9780809467372
041
_a
eng
080
_a
61
100
_a
3
101
_a
SHMI
245
_a
THE MEDICAL ADVISOR
_c
BAUM, N
942
_2
udc
_c
BK
999
_c
4024
_d
4024